[Event "CZE-chT2D 2223"]
[Site "Czech Republic"]
[Date "2023.03.26"]
[Round "11.5"]
[White "Vala, Filip"]
[Black "Reichl, Roman"]
[Result "1-0"]
[WhiteElo "2121"]
[BlackElo "1757"]
[PlyCount "55"]
[EventDate "2022.10.16"]
[EventType "team-tourn"]
[EventRounds "11"]
[EventCountry "CZE"]
[SourceTitle "EXT 2024"]
[Source "ChessBase"]
[SourceDate "2023.10.10"]
[SourceVersion "1"]
[SourceVersionDate "2023.10.10"]
[SourceQuality "1"]
[WhiteTeam "Chotebor"]
[BlackTeam "Zabreh"]
[WhiteTeamCountry "CZE"]
[BlackTeamCountry "CZE"]

1. d4 d5 2. Nf3 Nf6 3. c4 e6 4. Nc3 c6 5. e3 Be7 6. Qc2 Nbd7 7. g4 dxc4 8. Bxc4 b5 9. Bd3 Bb7 10. e4 a6 11. e5 Nd5 12. Nxd5 cxd5 13. h4 Rc8 14. Qe2 Bb4+ 15. Kf1 Qb6 16. h5 f6 17. h6 g6 18. exf6 Nxf6 19. Ng5 Rc6 20. Nxh7 Nxh7 21. Bxg6+ Kd7 22. Qe5 Rg8 23. Bxh7 Rxg4 24. Bf5 Qxd4 25. Qxd4 Rxd4 26. Be3 Rdc4 27. h7 Rc8 28. Bd3 1-0

[Event "CZE-chT2D 2223"]
[Site "Czech Republic"]
[Date "2022.12.18"]
[Round "5.6"]
[White "Reichl, Roman"]
[Black "Jaeger, Ludek"]
[Result "1/2-1/2"]
[WhiteElo "1757"]
[BlackElo "2003"]
[PlyCount "29"]
[EventDate "2022.10.16"]
[EventType "team-tourn"]
[EventRounds "11"]
[EventCountry "CZE"]
[SourceTitle "EXT 2024"]
[Source "ChessBase"]
[SourceDate "2023.10.10"]
[SourceVersion "1"]
[SourceVersionDate "2023.10.10"]
[SourceQuality "1"]
[WhiteTeam "Zabreh"]
[BlackTeam "Hradec Kralove Slavia"]
[WhiteTeamCountry "CZE"]
[BlackTeamCountry "CZE"]

1. d4 d5 2. c4 e6 3. Nc3 Nf6 4. Nf3 Be7 5. Bg5 0-0 6. e3 Nbd7 7. cxd5 exd5 8. Be2 c6 9. 0-0 Re8 10. Rc1 Bd6 11. Bh4 Nf8 12. Bg3 Ng6 13. Qc2 Bg4 14. Ne1 Bxe2 15. Nxe2 1/2-1/2

[Event "CZE-chT2D 2223"]
[Site "Czech Republic"]
[Date "2022.12.04"]
[Round "4.8"]
[White "Solil, Roman"]
[Black "Reichl, Roman"]
[Result "1-0"]
[WhiteElo "1953"]
[BlackElo "1757"]
[PlyCount "29"]
[EventDate "2022.10.16"]
[EventType "team-tourn"]
[EventRounds "11"]
[EventCountry "CZE"]
[SourceTitle "EXT 2024"]
[Source "ChessBase"]
[SourceDate "2023.10.10"]
[SourceVersion "1"]
[SourceVersionDate "2023.10.10"]
[SourceQuality "1"]
[WhiteTeam "Lanskroun"]
[BlackTeam "Zabreh"]
[WhiteTeamCountry "CZE"]
[BlackTeamCountry "CZE"]

1. e4 e5 2. Nf3 Nc6 3. d4 exd4 4. Nxd4 Bc5 5. Be3 Bb6 6. Be2 d6 7. 0-0 Nxd4 8. Bxd4 Bxd4 9. Qxd4 Nf6 10. Nc3 0-0 11. Rad1 Qe7 12. f4 Re8 13. Bf3 Bg4 14. e5 dxe5 15. fxe5 1-0

[Event "Kouty nad Desnou op-B"]
[Site "Kouty nad Desnou"]
[Date "2015.03.12"]
[Round "7"]
[White "Reichl, Roman"]
[Black "Haderka, Karel"]
[Result "1-0"]
[WhiteElo "1810"]
[BlackElo "1822"]
[PlyCount "97"]
[EventDate "2015.03.07"]
[EventType "swiss"]
[EventRounds "9"]
[EventCountry "CZE"]
[SourceTitle "EXT 2017"]
[Source "ChessBase"]
[SourceDate "2016.10.25"]
[SourceVersion "1"]
[SourceVersionDate "2016.10.25"]
[SourceQuality "1"]

1. d4 g6 2. Nf3 Bg7 3. e3 e6 4. c4 Ne7 5. Nc3 d5 6. cxd5 exd5 7. Be2 0-0 8. 0-0 c6 9. Bd2 Nf5 10. b4 Be6 11. Na4 Nd6 12. Nc5 Nd7 13. Qc1 Ne4 14. Nxb7 Qb6 15. Nc5 Nxd2 16. Qxd2 Nxc5 17. bxc5 Qc7 18. Rab1 a5 19. Rb6 h6 20. Rfb1 Ra7 21. Bd1 Bf5 22. Bc2 Bxc2 23. Qxc2 Re8 24. Qb3 Re7 25. Qd3 Re8 26. Ra6 Rea8 27. Rxa7 Rxa7 28. Qb3 Kh7 29. Qb8 Qd7 30. g3 f6 31. Rb6 Rc7 32. Qa8 Qf5 33. Nd2 Qc2 34. Qxa5 g5 35. Nf1 Qe4 36. Qa8 Qe6 37. Rb7 Qe7 38. Rxc7 Qxc7 39. a4 f5 40. a5 f4 41. Kg2 Qf7 42. Nd2 fxe3 43. fxe3 Qe6 44. Kf2 Qf5+ 45. Ke2 Qh3 46. Nf1 Qg2+ 47. Ke1 Qe4 48. Qb7 Qc2 49. a6 1-0

[Event "Kouty nad Desnou op-B"]
[Site "Kouty nad Desnou"]
[Date "2015.03.10"]
[Round "4"]
[White "Vit, Jakub"]
[Black "Reichl, Roman"]
[Result "1/2-1/2"]
[WhiteElo "1617"]
[BlackElo "1810"]
[PlyCount "68"]
[EventDate "2015.03.07"]
[EventType "swiss"]
[EventRounds "9"]
[EventCountry "CZE"]
[SourceTitle "EXT 2017"]
[Source "ChessBase"]
[SourceDate "2016.10.25"]
[SourceVersion "1"]
[SourceVersionDate "2016.10.25"]
[SourceQuality "1"]

1. c4 Nf6 2. Nc3 c5 3. g3 Nc6 4. Bg2 b6 5. e3 Bb7 6. Nge2 Na5 7. Bxb7 Nxb7 8. 0-0 g6 9. d4 Bg7 10. Nf4 0-0 11. Qf3 Rb8 12. Rd1 Qc8 13. Ncd5 Nxd5 14. Nxd5 Re8 15. b3 d6 16. Bb2 Nd8 17. Rd2 Ne6 18. h4 Nc7 19. dxc5 Bxb2 20. Rxb2 Nxd5 21. Qxd5 Qxc5 22. Qxc5 dxc5 23. Rd2 Red8 24. Rad1 Rxd2 25. Rxd2 Rb7 26. Kg2 Kg7 27. Kf3 Kf6 28. Kf4 e5+ 29. Ke4 Ke6 30. Rd5 f5+ 31. Kf3 h6 32. e4 Rf7 33. exf5+ gxf5 34. Rd8 Rh7 1/2-1/2

[Event "Kouty nad Desnou op-B"]
[Site "Kouty nad Desnou"]
[Date "2015.03.08"]
[Round "2"]
[White "Tajovsky, Matej"]
[Black "Reichl, Roman"]
[Result "1/2-1/2"]
[WhiteElo "1530"]
[BlackElo "1810"]
[PlyCount "63"]
[EventDate "2015.03.07"]
[EventType "swiss"]
[EventRounds "9"]
[EventCountry "CZE"]
[SourceTitle "EXT 2017"]
[Source "ChessBase"]
[SourceDate "2016.10.25"]
[SourceVersion "1"]
[SourceVersionDate "2016.10.25"]
[SourceQuality "1"]

1. e4 e6 2. d4 d5 3. exd5 exd5 4. c4 Nf6 5. Nf3 Nc6 6. Nc3 Be7 7. h3 0-0 8. Be2 Bf5 9. 0-0 a6 10. Bg5 dxc4 11. Bxc4 b5 12. Bb3 Na5 13. Bc2 Bxc2 14. Qxc2 Nc4 15. Rfe1 h6 16. Bh4 Re8 17. Rad1 Rc8 18. Ne5 Na5 19. a3 Nd5 20. Bxe7 Rxe7 21. Nxd5 Qxd5 22. Qf5 Rce8 23. Qf4 Nc4 24. Nd3 Rxe1+ 25. Rxe1 Rxe1+ 26. Nxe1 Nxb2 27. Qxc7 Qxd4 28. Nc2 Qd1+ 29. Kh2 Nc4 30. Qc8+ Kh7 31. Qf5+ Kh8 32. Qc8+ 1/2-1/2

[Event "Kouty nad Desnou op-F"]
[Site "Kouty nad Desnou"]
[Date "2013.03.15"]
[Round "8"]
[White "Sabolova, Kristyna"]
[Black "Reichl, Roman"]
[Result "1/2-1/2"]
[WhiteElo "1878"]
[BlackElo "1841"]
[PlyCount "71"]
[EventDate "2013.03.09"]
[EventType "swiss"]
[EventRounds "9"]
[EventCountry "CZE"]
[SourceTitle "EXT 2015"]
[Source "ChessBase"]
[SourceDate "2014.11.20"]
[SourceVersion "1"]
[SourceVersionDate "2014.11.20"]
[SourceQuality "1"]

1. d4 d5 2. Nf3 Nf6 3. c4 e6 4. Nc3 Be7 5. Bg5 h6 6. Bh4 0-0 7. e3 Nbd7 8. Rc1 b6 9. Bd3 Bb7 10. 0-0 dxc4 11. Bxc4 c5 12. Qe2 Ne4 13. Bxe7 Qxe7 14. Rfd1 Nxc3 15. bxc3 Rfd8 16. e4 Nf6 17. Bd3 Rac8 18. Bb1 Qe8 19. e5 Nd7 20. Qd3 Nf8 21. Nd2 Qa4 22. Qc4 Bc6 23. Bc2 Qb5 24. Qxb5 Bxb5 25. Ne4 Rc7 26. Nd6 Ba6 27. f4 Ng6 28. Bxg6 fxg6 29. d5 exd5 30. Rxd5 Bb7 31. Rd2 Bc6 32. Rcd1 Kf8 33. Kf2 Rcd7 34. g4 Ke7 35. Ke3 Ke6 36. Nc4 1/2-1/2

[Event "Kouty nad Desnou op-F"]
[Site "Kouty nad Desnou"]
[Date "2013.03.14"]
[Round "7"]
[White "Reichl, Roman"]
[Black "Strakos, Tomas"]
[Result "1/2-1/2"]
[WhiteElo "1841"]
[BlackElo "1759"]
[PlyCount "36"]
[EventDate "2013.03.09"]
[EventType "swiss"]
[EventRounds "9"]
[EventCountry "CZE"]
[SourceTitle "EXT 2015"]
[Source "ChessBase"]
[SourceDate "2014.11.20"]
[SourceVersion "1"]
[SourceVersionDate "2014.11.20"]
[SourceQuality "1"]

1. d4 Nf6 2. c4 g6 3. g3 d5 4. cxd5 Nxd5 5. Bg2 Nb6 6. Nf3 Bg7 7. 0-0 0-0 8. Nc3 N8d7 9. Bf4 c6 10. Rc1 Nf6 11. Re1 Nfd5 12. Nxd5 Nxd5 13. Bd2 Bg4 14. e3 Qb6 15. Qc2 Nb4 16. Bxb4 Qxb4 17. b3 h6 18. Qc5 Qxc5 1/2-1/2

[Event "Kouty nad Desnou op-F"]
[Site "Kouty nad Desnou"]
[Date "2013.03.10"]
[Round "2"]
[White "Jelinek, Michal"]
[Black "Reichl, Roman"]
[Result "1-0"]
[WhiteElo "1743"]
[BlackElo "1841"]
[PlyCount "47"]
[EventDate "2013.03.09"]
[EventType "swiss"]
[EventRounds "9"]
[EventCountry "CZE"]
[SourceTitle "EXT 2015"]
[Source "ChessBase"]
[SourceDate "2014.11.20"]
[SourceVersion "1"]
[SourceVersionDate "2014.11.20"]
[SourceQuality "1"]

1. e4 e6 2. d4 d5 3. Nc3 dxe4 4. Nxe4 Nf6 5. Bg5 Be7 6. Bxf6 Bxf6 7. Nxf6+ Qxf6 8. Nf3 0-0 9. c3 b6 10. Be2 Bb7 11. Qc2 Nd7 12. 0-0-0 c5 13. h4 cxd4 14. Rxd4 Ne5 15. Ng5 g6 16. f4 Nc6 17. Ra4 h6 18. Nf3 Ne7 19. g4 Bxf3 20. Bxf3 Nd5 21. g5 Qe7 22. h5 hxg5 23. hxg6 fxg6 24. Qxg6+ 1-0

[Event "Kouty nad Desnou op-F"]
[Site "Kouty nad Desnou"]
[Date "2013.03.09"]
[Round "1"]
[White "Reichl, Roman"]
[Black "Simunek, Filip"]
[Result "0-1"]
[WhiteElo "1841"]
[BlackElo "2153"]
[PlyCount "84"]
[EventDate "2013.03.09"]
[EventType "swiss"]
[EventRounds "9"]
[EventCountry "CZE"]
[SourceTitle "EXT 2015"]
[Source "ChessBase"]
[SourceDate "2014.11.20"]
[SourceVersion "1"]
[SourceVersionDate "2014.11.20"]
[SourceQuality "1"]

1. d4 f5 2. Nf3 Nf6 3. c4 g6 4. Nc3 Bg7 5. Bf4 0-0 6. e3 d6 7. Be2 Qe8 8. 0-0 c6 9. Qc2 Nbd7 10. Rad1 e5 11. dxe5 dxe5 12. Bg3 Nh5 13. Nd2 g5 14. Bxh5 Qxh5 15. f4 gxf4 16. exf4 e4 17. Bf2 Nf6 18. h3 Be6 19. b3 Bh6 20. Bc5 Rf7 21. Ndb1 Rg7 22. Kh1 Re8 23. Bd4 Qg6 24. Be5 Nh5 25. Bxg7 Ng3+ 26. Kg1 Nxf1 27. Kxf1 Qxg7 28. Ne2 Qc7 29. Qd2 Bg7 30. Nbc3 Qa5 31. Qe3 Qb4 32. Nb1 a5 33. a3 Qe7 34. Qb6 a4 35. bxa4 Bxc4 36. Rc1 Bd3 37. Qb3+ Kh8 38. Nbc3 Bf6 39. Qb4 Qg7 40. Qc5 Rg8 41. Ke1 Qxg2 42. Kd2 Rd8 0-1

[Event "Olomouc op"]
[Site "Olomouc"]
[Date "2011.08.04"]
[Round "1"]
[White "Reichl, Roman"]
[Black "Cagasik, Tomas"]
[Result "0-1"]
[WhiteElo "1879"]
[BlackElo "2255"]
[PlyCount "100"]
[EventDate "2011.08.04"]
[EventType "swiss"]
[EventRounds "9"]
[EventCountry "CZE"]
[SourceTitle "CBM 143 Extra"]
[Source "ChessBase"]
[SourceDate "2011.08.29"]
[SourceVersion "1"]
[SourceVersionDate "2011.08.29"]
[SourceQuality "1"]

1. d4 Nf6 2. c4 e6 3. Nf3 b6 4. e3 Bb7 5. Be2 Be7 6. Nc3 d5 7. 0-0 0-0 8. Nd2 c5 9. dxc5 bxc5 10. Bf3 Nc6 11. Rb1 Ne5 12. Qb3 Rb8 13. Qc2 Ba6 14. Rd1 Bxc4 15. Nxc4 Nxc4 16. b3 Ne5 17. Be2 Qc7 18. Bb2 Nc6 19. Ba3 Nb4 20. Qd2 Rfd8 21. Bxb4 cxb4 22. Na4 Ne4 23. Rbc1 Qe5 24. Qd4 Qxd4 25. Rxd4 Bf6 26. Rdd1 Nc3 27. Nxc3 bxc3 28. Rc2 a5 29. Rb1 a4 30. b4 a3 31. Kf1 Ra8 32. Bd3 Kf8 33. Ke2 Ke7 34. e4 d4 35. Rb3 Bg5 36. g3 Bd2 37. Bc4 Rd7 38. f3 Rc8 39. Bd3 Ra7 40. Kd1 e5 41. Ke2 h5 42. Kf2 g6 43. Ke2 Kd6 44. Bb5 f5 45. Bd3 Rf8 46. Rb1 f4 47. Rg1 fxg3 48. hxg3 Raf7 49. Rf1 g5 50. Bc4 Rf6 0-1

[Event "CZE-chT2e 0607"]
[Site "Czech Republic"]
[Date "2006.12.17"]
[Round "5.8"]
[White "Harasimovic, Petr"]
[Black "Reichl, Roman"]
[Result "1-0"]
[WhiteElo "1945"]
[BlackElo "1854"]
[PlyCount "95"]
[EventDate "2006.10.15"]
[EventType "team"]
[EventRounds "11"]
[EventCountry "CZE"]
[SourceTitle "EXT 2009"]
[Source "ChessBase"]
[SourceDate "2008.11.26"]
[SourceVersion "1"]
[SourceVersionDate "2008.11.26"]
[SourceQuality "1"]

1. e4 c5 2. Nf3 Nc6 3. d4 cxd4 4. Nxd4 Nf6 5. Nc3 a6 6. Be3 e6 7. Bd3 Be7 8. 0-0 0-0 9. Nxc6 dxc6 10. e5 Nd5 11. Nxd5 exd5 12. f4 f5 13. Qe1 Be6 14. Qf2 Rc8 15. Bb6 Qe8 16. Bc5 Rf7 17. b4 b5 18. a4 Bxc5 19. Qxc5 Qe7 20. Qxe7 Rxe7 21. axb5 axb5 22. Ra5 Kf7 23. Rfa1 Rb7 24. Ra7 Rcc7 25. Rxb7 Rxb7 26. Kf2 d4 27. Ke1 g6 28. Kd2 Bd5 29. g3 Ke6 30. Ra8 Rc7 31. Bf1 Be4 32. Re8+ Re7 33. Rd8 Rd7 34. Rxd7 Kxd7 35. c3 dxc3+ 36. Kxc3 Ke6 37. Kd4 Bh1 38. Bd3 Bg2 39. Bc2 Bd5 40. Kc5 Kd7 41. Bd1 Ke6 42. g4 Ke7 43. h4 Ke6 44. h5 Ke7 45. h6 Ke6 46. gxf5+ Kxf5 47. Bc2+ Ke6 48. Bxg6 1-0

[Event "CZE-chT2e 0405"]
[Site "Czech Republic"]
[Date "2004.11.21"]
[Round "3.7"]
[White "Reichl, Roman"]
[Black "Zadrapa, Radek"]
[Result "1/2-1/2"]
[WhiteElo "1839"]
[BlackElo "2092"]
[PlyCount "69"]
[EventDate "2004.10.17"]
[EventType "team"]
[EventRounds "11"]
[EventCountry "CZE"]
[SourceTitle "EXT 2007"]
[Source "ChessBase"]
[SourceDate "2006.11.23"]
[SourceVersion "1"]
[SourceVersionDate "2006.11.23"]
[SourceQuality "1"]

1. d4 d6 2. e4 Nf6 3. Nc3 c6 4. Nf3 Qa5 5. Bd3 e5 6. h3 Be7 7. 0-0 0-0 8. dxe5 dxe5 9. Qe2 Nbd7 10. a3 Qc7 11. Bg5 Nc5 12. Bc4 b5 13. Ba2 Ne6 14. Rfd1 Nxg5 15. Nxg5 h6 16. Nf3 Nh5 17. Rd2 a5 18. Qe3 Nf4 19. Ne2 Ne6 20. Ng3 Bc5 21. Qc3 Bd4 22. Nxd4 Nxd4 23. Qc5 Be6 24. Bxe6 fxe6 25. Rad1 Rad8 26. Kf1 b4 27. axb4 axb4 28. Ne2 b3 29. Nxd4 exd4 30. Rxd4 Rxd4 31. Qxd4 bxc2 32. Rc1 Rd8 33. Qe3 Qh2 34. Ke2 Qxg2 35. Rxc2 1/2-1/2